00586nam a2200181Ia 4500003000900000008004100009020001800050040001600068080001800084100001400102245014000116260003400256300001600290490004700306650001500353650001500368650002100383IN-BaIIA211028s9999 xx 000 0 eng d a1-85233-465-7 cIIA Library a524.3-54bLNG aInglis, M 0aObserver's guide to stellar evolutionbthe birth, life and death of starscM. Inglis  aLondonbSpringer-Verlagc2003 axvii, 233p. aPatrick Moore's Practical Astronomy Series aStar Birth aStar death aStars- Evolution